[Event "Mittelfranken-ch QT 49th"]
[Site "Ansbach"]
[Date "2000.??.??"]
[Round "4"]
[White "Arlt, Birgit"]
[Black "Hacker, Juergen"]
[Result "0-1"]
[WhiteElo "1791"]
[BlackElo "1898"]
[PlyCount "98"]
[EventDate "2000.04.19"]
[EventType "swiss"]
[EventRounds "7"]
[EventCountry "GER"]
[SourceTitle "EXT 2015"]
[Source "ChessBase"]
[SourceDate "2014.11.20"]
[SourceVersion "1"]
[SourceVersionDate "2014.11.20"]
[SourceQuality "1"]

1. e4 e5 2. Nf3 Nc6 3. Bb5 a6 4. Ba4 Nf6 5. d3 b5 6. Bb3 Be7 7. 0-0 d6 8. c3 Bg4 9. Be3 0-0 10. Nbd2 Nb8 11. d4 c5 12. d5 Nbd7 13. Bc2 Nb6 14. h3 Bd7 15. b3 Qc7 16. Qe2 Rfc8 17. c4 bxc4 18. bxc4 Rcb8 19. Nb3 a5 20. Nfd2 a4 21. Nc1 Bc8 22. f4 Nbd7 23. Nd3 Ne8 24. fxe5 dxe5 25. Qf2 Nef6 26. Rab1 Qa5 27. Rxb8 Rxb8 28. Qe2 Bd6 29. Bf2 Ba6 30. Rc1 Nb6 31. Ne1 Qc3 32. Qd1 Nxc4 33. Nxc4 Qxc4 34. Bd3 Qxa2 35. Bxa6 Nxe4 36. Rc2 Qb1 37. Qxb1 Rxb1 38. Ra2 Nc3 39. Ra3 Rb3 40. Ra1 Rb6 41. Bc4 Rb4 42. Ba2 e4 43. Kf1 a3 44. g4 Rb2 45. Bc4 a2 46. Kg2 e3 47. Nd3 Rb1 48. Rxa2 Nxa2 49. Bxa2 Ra1 0-1

[Event "Mittelfranken-ch QT 49th"]
[Site "Ansbach"]
[Date "2000.??.??"]
[Round "6"]
[White "Schloetterer, Hermann"]
[Black "Arlt, Birgit"]
[Result "1/2-1/2"]
[WhiteElo "1861"]
[BlackElo "1791"]
[PlyCount "111"]
[EventDate "2000.04.19"]
[EventType "swiss"]
[EventRounds "7"]
[EventCountry "GER"]
[SourceTitle "EXT 2015"]
[Source "ChessBase"]
[SourceDate "2014.11.20"]
[SourceVersion "1"]
[SourceVersionDate "2014.11.20"]
[SourceQuality "1"]

1. d4 d5 2. g3 Nf6 3. Bg2 Bf5 4. Nf3 e6 5. 0-0 Be7 6. c4 c6 7. Nc3 0-0 8. b3 Nbd7 9. Bb2 Rc8 10. e3 Ne4 11. Rc1 h6 12. Ne2 Qa5 13. a3 Ndf6 14. Ne5 Nd6 15. h3 Qd8 16. c5 Nb5 17. a4 Nc7 18. g4 Bh7 19. f3 Nd7 20. Nd3 f5 21. Nef4 g5 22. Nh5 Ne8 23. Qe2 Ng7 24. Nxg7 Kxg7 25. e4 f4 26. Rfe1 Bf6 27. e5 Be7 28. Qd2 Bg6 29. Bf1 h5 30. Nf2 Rh8 31. Bd3 Qe8 32. Kf1 Bxd3+ 33. Qxd3 Qg6 34. Qd2 hxg4 35. hxg4 Rh2 36. Ke2 Qh6 37. Rh1 Rxh1 38. Rxh1 Qg6 39. Qd1 Rh8 40. Kd2 Rxh1 41. Qxh1 Qh6 42. Qxh6+ Kxh6 43. Kc3 a5 44. Bc1 Nf8 45. Nd3 Bd8 46. Bd2 Ng6 47. b4 axb4+ 48. Kxb4 Kg7 49. a5 Kf8 50. Ka4 Ke8 51. a6 bxa6 52. Ba5 Bxa5 53. Kxa5 Kd7 54. Kxa6 Kc7 55. Ka7 Nh4 56. Ne1 1/2-1/2